| 000 | 00582ntaaa2200205 4500 | ||
|---|---|---|---|
| 003 | 01 | ||
| 005 | 20251027202930.0 | ||
| 008 | 0714s1973 ag 01 | ||
| 040 |
_aAR-BaBN _bspa _cAR-BaBN _eaacr _dRIC |
||
| 082 | _a922.6540 C18 | ||
| 100 |
_aDalton, L. H. _929363 |
||
| 245 | _aSiéntate joven | ||
| 250 | _a1 ed. | ||
| 260 |
_aEl Paso : _bCasa Bautista de Publicaciones, _c1965 |
||
| 300 | _a30 p | ||
| 500 | _aBiografía del misionero bautista en la India, Guillermo Carey (1761-1834) | ||
| 650 | _amisiones-India | ||
| 650 |
_aCarey, Guillermo (1761-1834 _929940 |
||
| 942 | _cBK | ||
| 999 |
_c24600 _d24600 |
||